US cities (a selection by state) - Statistics

General Stats
  • This quiz has been taken 34 times
    23 since last reset
  • The average score is 103 of 128
Answer Stats
Hint Answer % Correct
New York Albany
100%
Texas Austin
100%
New York Buffalo
100%
Illinois Chicago
100%
Texas Dallas
100%
Texas Houston
100%
Wisconsin Madison
100%
New York New York
100%
Arizona Phoenix
100%
California Sacramento
100%
Texas San Antonio
100%
California San Diego
100%
California San Francisco
100%
New Mexico Santa Fe
100%
Illinois Springfield
100%
New Mexico Albuquerque
94%
Maryland Baltimore
94%
Louisiana Baton Rouge
94%
North Carolina Charlotte
94%
Wyoming Cheyenne
94%
Ohio Cincinnati
94%
Ohio Columbus
94%
Colorado Denver
94%
Michigan Detroit
94%
Texas Fort Worth
94%
California Fresno
94%
Montana Helena
94%
Indiana Indianapolis
94%
Alaska Juneau
94%
Michigan Lansing
94%
Nevada Las Vegas
94%
Nebraska Lincoln
94%
California Los Angeles
94%
Kentucky Louisville
94%
Tennessee Memphis
94%
Florida Miami
94%
Minnesota Minneapolis
94%
Tennessee Nashville
94%
Louisiana New Orleans
94%
Oklahoma Oklahoma City
94%
Pennsylvania Philadelphia
94%
Pennsylvania Pittsburgh
94%
Maine | Oregon Portland
94%
Washington Seattle
94%
Florida Tallahassee
94%
Florida Tampa
94%
Oklahoma Tulsa
94%
Alaska Anchorage
88%
Maryland Annapolis
88%
Georgia Atlanta
88%
Maine Augusta
88%
North Dakota Bismarck
88%
Massachusetts Boston
88%
South Carolina | West Virginia Charleston
88%
Ohio Cleveland
88%
Delaware Dover
88%
Hawaii Honolulu
88%
Mississippi Jackson
88%
Kansas | Missouri Kansas City
88%
Wisconsin Milwaukee
88%
Alabama Montgomery
88%
North Carolina Raleigh
88%
Nevada Reno
88%
Virginia Richmond
88%
Minnesota Saint Paul
88%
Oregon Salem
88%
Utah Salt Lake City
88%
Missouri St. Louis
88%
Kansas Topeka
88%
Idaho Boise
82%
Texas El Paso
82%
Kentucky Frankfort
82%
Connecticut Hartford
82%
Florida Jacksonville
82%
Missouri Jefferson City
82%
Arkansas Little Rock
82%
Vermont Montpelier
82%
New Jersey Newark
82%
Nebraska Omaha
82%
Florida Orlando
82%
Rhode Island Providence
82%
California San Jose
82%
New Jersey Trenton
82%
Arizona Tucson
82%
Virginia Virginia Beach
82%
Nevada Carson City
76%
Colorado Colorado Springs
76%
Pennsylvania Harrisburg
76%
South Dakota Pierre
76%
District of Columbia Washington
76%
Alabama Birmingham
71%
South Carolina Columbia
71%
New Hampshire Concord
71%
Iowa Des Moines
71%
Tennessee Knoxville
71%
Alabama Mobile
71%
Washington Olympia
71%
Ohio Toledo
71%
Kansas Wichita
71%
California Long Beach
65%
New York Rochester
65%
South Dakota Sioux Falls
65%
North Dakota Fargo
59%
Michigan Grand Rapids
59%
New Jersey Jersey City
59%
California Oakland
59%
Washington Tacoma
59%
Montana Billings
53%
Florida St. Petersburg
53%
Colorado Boulder
47%
Tennessee Chattanooga
47%
Texas Corpus Christi
47%
Kentucky Lexington
47%
Connecticut New Haven
47%
Virginia Norfolk
47%
Washington Spokane
47%
Michigan Ann Arbor
41%
Vermont Burlington
41%
Oregon Eugene
41%
New Hampshire Manchester
41%
Delaware Wilmington
41%
Connecticut Bridgeport
35%
Virginia Chesapeake
35%
Alabama Tuscaloosa
35%
New Mexico Las Cruces
18%
No matching quizzes found
Score Distribution
Percent of People with Each Score
Percentile by Number Answered
Your Score History
You have not taken this quiz since the last reset